000 00390nam a2200157Ia 4500
008 230312s9999||||xx |||||||||||||| ||und||
020 _a93-5014-173-1
082 _a621.317
_bGUP-B
100 _aGupta;J.B
245 0 _aBasic Analog Electronics
260 _bKatson Books
_aIndia
_c2012
300 _a404
546 _aEng.
650 _aEngineering
_vBasic Analog Electronics
942 _cBK
999 _c8589
_d8589